techniques of guidance and counselling made simple (Record no. 5448)
[ view plain ]
| 000 -LEADER | |
|---|---|
| fixed length control field | 01013nam a2200157 4500 |
| 020 ## - INTERNATIONAL STANDARD BOOK NUMBER | |
| ISBN | 9966226338 |
| 050 ## - CALL NUMBER | |
| Classification number | LB1027.5 |
| Item number | .K15 |
| 100 ## - AUTHOR | |
| Personal name | kasomo daniel |
| 245 ## - TITLE | |
| Title | techniques of guidance and counselling made simple |
| Statement of responsibility, etc | kasomo daniel |
| 260 ## - PUBLICATION INFORMATION | |
| Place of publication | Nairobi, Kenya |
| Name of publisher | The Jomo Kenyatta foundation |
| Year of publication | 2007 |
| 300 ## - DESCRIPTION | |
| Number of Pages | vii,; 207pgs |
| Dimensions | 21cm |
| 500 ## - NOTES | |
| General note | Include references |
| 505 ## - FORMATTED CONTENTS NOTE | |
| Table of Content | Chapter 1. Meaning of counseling <br/>Chapter 2. Meeting the client <br/>Chapter 3. The work of the client <br/>Chapter 4. The non-verbal behaviour in counseling <br/>Chapter 5. Observing what the client is manifesting in counseling <br/>Chapter 6. Attending to Client in counseling <br/>Chapter 7. Getting interested by the client <br/>Chapter 8. Introspecting in counseling <br/>Chapter 9. Exploring in counseling <br/>Chapter 10. Re framing in counseling <br/>Chapter 11. Reorienting and initiating in counseling <br/>Chapter 12. Evaluating in counseling <br/>Chapter 13. Conclusion <br/>References |
| 650 ## - SUBJECTS | |
| Topical Term | Guidance and counselling |
| 942 ## - ADDED ENTRY ELEMENTS (KOHA) | |
| Koha item type | Books |
| Withdrawn status | Lost status | Collection code | Home library | Current library | Shelving location | Date acquired | Full call number | Accession Number | Koha item type |
|---|---|---|---|---|---|---|---|---|---|
| Reference | Methodist University Library Main | Methodist University Library Main | General Stacks | 25/08/2015 | LB1027.5 .K15 | 1195 | Books |